000 002760000a22000970004500
100 1 _aMorales, Rocío
245 1 0 _aOrganización de mujeres luteranas de Colombia
300 _aVol.17, núm.17 (Junio, 2005), Páginas 10-17
773 0 _tLa Voz Luterana de Colombia
942 _cANA
999 _c60543
_d60543